01111nam a2200253 i 450000100060000000300090000600500170001500700030003200800410003510000250007624502880010126000340038930000410042365000380046470000310050270000270053370000300056070000270059070000290061770000400064685200320068699900170071895201220073586348ES-MaACL20250910213556.0t|041209s1963 sp ||||1| spa d1 aPlumb, J. H.918654113aEl Renacimiento b: cultura y arte de una época / cpublicado bajo la dirección de Richard M. Ketchum ; texto de J.H. Plumb ; ensayos biográficos de Morris Bishop, Garret Mattingly, Kenneth Clark ; [traducción de Juan Godo Costa ; revisión y adiciones por Enrique Bagué]. aBarcelona : bLabor, c[1963] a435 p., 30 lám. : bil. ; c21 cm.04aArte renacentista-zItalia9102931 aKetchum, Richard M.9679601 aBishop, Morris.9290081 aMattingly, garret.9791511 aClark, Kenneth.9390441 aGodo Costa, Juan.9575321 aBagué, Enric, d1900-19879161547 aES-MaACLjC-24275 bR.53234 c86348d86348 00104070aATENEOMbATENEOMcDEPO2d2008-01-17eSCl0oC-24275p1090217r2023-02-23 00:00:00w2023-02-23yMONOGRAFIA